| 000 | 00644nam a22002297a 4500 | ||
|---|---|---|---|
| 999 |
_c7606 _d7606 |
||
| 001 | 9005 | ||
| 003 | BD-DhUAP | ||
| 005 | 20210126104330.0 | ||
| 008 | 210126r19992001enk||||| |||| 00| 0 eng d | ||
| 020 | _a8175040211 | ||
| 040 |
_aBD-DhUAP _bEng _cBD-DhUAP _dBD-DhUAP |
||
| 082 |
_223 _a340.072 STO |
||
| 100 | _aStott, David. | ||
| 245 |
_aLegal research / _cDavid Stott and Julie Macfarlane. |
||
| 250 | _a2nd ed. | ||
| 260 |
_aIndia : _bLawman, _c1999 [Reprinted 2001]. |
||
| 300 |
_a183 pages ; _c22 cm. |
||
| 490 | _aLawman legal skills series. | ||
| 650 |
_aLegal research _zEngland. |
||
| 700 | _aMacfarlane, Julie. | ||
| 942 |
_2ddc _cBK |
||